Vlasti zdar pochod /

Hlavní autor: Pádivý, Karol, 1908-1965
Další autoři: Plachý, Jozef
Jazyk: Nelze použít, není lingvistický obsah
Vydáno: Bratislava : Slovenské hudobné vydavateľstvo, 1952
Edice: Dychová hudba (Slovenské hudobné vydavateľstvo)
Fyzický popis: 1 sv. (nestránkován)
Hudebniny Hudebniny
Uloženo v:
LEADER 01038ncm a22002772a 4500
001 000971329
003 CZ BrMZK
005 20190102153612.0
007 qu
008 091015s1952 xo |||||||||||||||||zxx d
040 |a BOA001  |b cze 
072 7 |a 788  |x Hudba pro dechové nástroje  |2 Konspekt  |9 9 
100 1 |a Pádivý, Karol,  |d 1908-1965  |7 jk01091485  |4 cmp 
245 1 0 |a Vlasti zdar  |h [hudebnina] :  |b pochod /  |c Karol Pádivý. Kapitán : pochod / Jozef Plachý 
260 |a Bratislava :  |b Slovenské hudobné vydavateľstvo,  |c 1952 
300 |a 1 sv. (nestránkován) 
490 1 |a Dychová hudba ;  |v 19-20 
500 |a Dechový orchestr 
700 1 |a Plachý, Jozef  |4 cmp 
740 0 2 |a Kapitán 
830 0 |a Dychová hudba (Slovenské hudobné vydavateľstvo) 
910 |a BOA001  |b Mus1-0292.007 
990 |a MU 
991 |b 201006 
996 6 |b 2619439014  |c Mus1-0292.007  |l MZK  |r Sklad / do 1 hodiny  |n 0  |w 000971329  |u 000020  |a 1  |e BOA001  |j MZK50  |s P 
996 7 |b 2619439015  |c Mus1-0292.007  |l MZK  |r Sklad / do 1 hodiny  |n 0  |w 000971329  |u 000010  |a 1  |e BOA001  |j MZK50  |s A